RuneScape Quiz - Statistics

General Stats
  • This quiz has been taken 637 times
  • The average score is 12 of 15
Answer Stats
Hint Answer % Correct
In what year was the Grand Exchange added? 2007
97%
How many heads does the King Black Dragon have? 3
97%
What do you get when you add copper and tin to a furnace? Bronze
97%
How much coal do you need to smelt an Adamantite bar? 6
95%
What Attack level do you need to use an Abyssal whip? 70
95%
What colour is Elvarg the Dragon? Green
95%
Which skill allows you to make potions? Herblore
92%
What is the most expensive and rarest Party Hat? Blue
91%
During the Quest: Cook's Assistant, What does the cook need you to make? Cake
89%
During the old Tutorial Island, what was the first skill you trained? Woodcutting
89%
Who is the most popular RuneScape player of all time? Zezima
85%
Where would you go to fight Metal Dragons? Brimhaven
52%
Who created RuneScape? Andrew Gower
39%
What level was TzTok-Jad before Evolution of Combat? 702
31%
What is the name of the Dwarf who sells Pickaxes? Nurmof
15%
No matching quizzes found
Score Distribution
Percent of People with Each Score
Percentile by Number Answered
Your Score History
You have not taken this quiz